Statistiques concernant Chanteurs et musiciens en O (par images).

Cliquez ici pour prendre le quiz!

Statistiques générales

  • Ce quiz a été pris 99 fois
  • Le résultat moyen est 5 sur 14

Statistiques - réponses

Réponse% Correct
Orelsan
98%
Pascal Obispo
97%
Oli
95%
One Direction
67%
Oasis
54%
Oboy
27%
Rita Ora
23%
Ozzy Osbourne
22%
Offset
18%
One Republic
16%
Oldelaf
13%
Roy Orbison
7%
Omarion
1%
Odetta
0%

Distribution des résultats

Percentile par nombre de réponses

% des personnes avec chaque résultat

Votre développement - résultats

Vous n’avez pas pris ce quiz